Keď mi redakcia Dotykov.../inc./

Bibliographic Details
Main Author: Hudec, Ivan, 1947-2022 (Author)
Format: Article
Language:Slovak
Subjects:

MARC

LEADER 00000nab a2200000 a 4500
001 vtls000346942
003 SK-MaSNL
005 20260303213503.0
008 230313c1989 xo 0 slo
015 |a SNBRB19rr/mm-uuuuu 
035 |a CL0347064 
035 |a urn:nbn:sk:snk-abbj2v 
035 |a (urnnbn)urn:nbn:sk:snk:ar-002h11 
035 |a (uuid)9c862016-0872-4c2f-91dc-81dec12e929b 
040 |a SNKBUCL  |b slo  |c SNKBUCL  |e AACR2 
041 0 |a slo 
044 |a xo  |c SK 
080 |a 82.09:885.4-3  |2 1981 
080 |a 885.4-3  |2 1981 
080 |a 885.4-3.09  |2 1981 
100 1 |a Hudec, Ivan,  |d 1947-2022  |4 aut  |9 86574 
245 1 0 |a Keď mi redakcia Dotykov.../inc./  |c Ivan Hudec 
600 1 7 |a Gurka, Stanislav,  |d 1963-2024  |2 snkbucl  |9 237229 
655 7 |a články z novín a časopisov  |2 snkbucl  |9 267496 
655 7 |a články z odboru literárna veda a krásna literatúra  |2 snkbucl  |9 770045 
773 0 |t Dotyky  |g Roč. 1, č. 3 (1989), s. 7 
850 |a Slovenská národná knižnica v Martine  |a MTA001 
852 |a SNK  |b KIS3GCP 
958 |a RK 
958 |a LX 
958 |a OND 
958 |a EUIPO 
958 |a article15 
992 |a RBX 
999 |c 2212331  |d 2214261